|
|
|
|
| LEADER |
01109nam a2200241 a 4500 |
| 001 |
GR-MES1316 |
| 008 |
991111s1970 gr 000 0 gre d |
| 040 |
|
|
|a GrPaTEI
|b gre
|c GR-PaULI
|
| 245 |
0 |
0 |
|a Μελέτη και κριτική ισολογισμών.
|
| 260 |
|
|
|a Αθήνα :
|b Πάμισος,
|c 1970
|
| 300 |
|
|
|a 351σελ. :
|b πιν.
|
| 490 |
1 |
|
|a βιβλιοθήκη οικονομικών επιστημών
|
| 650 |
|
4 |
|a Επιχείρηση
|
| 650 |
|
4 |
|a Ισολογισμός
|
| 650 |
|
4 |
|a Λογιστική
|
| 700 |
1 |
|
|a Peumans, Herman
|
| 710 |
0 |
|
|a Πάμισος
|
| 830 |
|
0 |
|1 0015529
|1 2001
|a Η παρθένα (Δημήτρης Μάνος)
|
| 942 |
|
|
|2 ddc
|
| 952 |
|
|
|0 0
|1 0
|2 ddc
|4 0
|6 657_300000000000000_PEU
|7 0
|9 265375
|a MSLG
|b MSLG
|c BSC
|d 2021-01-17
|e 24
|f 0
|g 0.00
|l 0
|o 657.3 PEU
|p 2420000002273
|r 2021-01-17 00:00:00
|t 1
|w 2021-01-17
|y BK15
|x 19991111 0 1
|x GrPaTEI
|
| 952 |
|
|
|0 0
|1 0
|2 ddc
|4 0
|6 657_300000000000000_PEU
|7 0
|9 380373
|a MSLG
|b MSLG
|c BSC
|d 2024-05-22
|i 2274
|l 0
|o 657.3 PEU
|p 2420000002274
|r 2024-05-22 00:00:00
|t 2
|w 2024-05-22
|y BK15
|
| 971 |
|
|
|a .b25723583
|b 16-04-20
|c 13-09-16
|
| 999 |
|
|
|c 152576
|d 152576
|